000 00677nam a2200265Ia 4500
005 20260306153220.0
008 008 260114s9999 xx 000 0 eng d
020 _a9781474484183
037 _aEBOOK
040 _aCRL
040 _beng
040 _cCRL
041 _2eng
041 _aeng
084 _qCRL
100 _aMcCue/Thomas
_91125010
245 4 _aThe Edinburgh Companion to Romanticism and the Arts
250 _a1st Ed
260 _bEdinburgh University Press
260 _c2023
650 _aLinguistics
856 _uhttps://www.cambridge.org/core/product/identifier/9781474484183/type/BOOK
942 _cEBOOK
999 _c1702593
_d1702593